000 01314cam a2200217 4500500
005 20260329010527.0
041 _afre
042 _adc
100 1 0 _aSellenet, Catherine
_eauthor
245 0 0 _aLa complexité du placement familial : un leitmotiv dans le champ de l'enfance
260 _c2005.
500 _a4
520 _aRégulièrement dans le discours social, la question de la complexité du placement familial refait surface. L’auteur s’interroge sur cette plainte réitérée et sur ce que peut masquer le recours à cette notion insuffisamment définie. De la même manière, tout le monde aujourd’hui dit « travailler avec les parents », une évidence qui oblitère en fait des positionnements multiples : fait-on la même chose lorsqu’on travaille pour les parents, sur les parents ou avec les parents ? Les modifications introduites par les mots sont-elles réelles, perceptibles au niveau des pratiques ou sont-elle des modifications de surface ?
690 _aaccueil familial
690 _aco-éducation
690 _aComplexité
690 _apartenariat
690 _atravailler avec les parents
786 0 _nDialogue | 167 | 1 | 2005-03-01 | p. 51-60 | 0242-8962
856 4 1 _uhttps://shs.cairn.info/revue-dialogue-2005-1-page-51?lang=fr&redirect-ssocas=7080
999 _c1853381
_d1853381